| 000 | 01023nam1a22002411i 4500 | ||
|---|---|---|---|
| 001 | rc\640102 | ||
| 005 | 20240726092045.0 | ||
| 035 | _a(NLR Aleph) 008753631 | ||
| 090 |
_a7822626 _c7822626 |
||
| 100 | _a20031121g19869999u |0rusy50 ca | ||
| 101 | 0 | _arus | |
| 102 | _aRU | ||
| 105 | _ay ||||||||| | ||
| 200 | 1 |
_aПереписка Председателя Совета Министров СССР с президентами США и премьер-министрами Великобритании во время Великой Отечественной войны 1941-1945 гг. _e[Сб. документов _eВ 2 т.] _fМ-во иностр. дел СССР _g[Предисл. А. Громыко] |
|
| 205 | _a2-е изд. | ||
| 210 |
_aМ. _cПолитиздат _d1986- |
||
| 215 | _d21 | ||
| 701 | 1 |
_aСталин _bИ.В. _f1878-1953 _gИосиф Виссарионович |
|
| 801 | 0 |
_aRU _bNLR _gpsbo |
|
| 801 | 1 |
_aRU _bELAR _2rusmarc |
|
| 801 | 2 |
_aRU _bNLR _c20040409 _2rusmarc |
|
| 852 |
_aNLR _j86-3/11937 |
||
| 942 | _cBOOK | ||